000 00485nam a2200169 i 4500
001 61518
003 ES-MaACL
005 20230906164456.0
007 t|
008 031112s1929 sp ||||1| spa d
100 1 _aFabre-Luce, Alfred.
_948543
245 1 0 _aPara una política sexual /
_cAlfred Fabre-Luce.
260 _aMadrid :
_b[s.n.],
_c1929 (
_fSan Martín)
300 _a220 p. ;
_c19 cm.
500 _aVersión española de la 17ª ed. francesa.
852 _aES-MaACL
_jB-12345
999 _c61518
_d61518